00393nam a2200145Ia 4500003000400000005001700004008004100021020001800062040002900080050003000109100001900139245003600158260004400194300000900238OSt20240827101333.0230107s9999||||xx |||||||||||||| ||und|| a9966-22-483-1 cChuka University Library aFIC PL 8704 bM64M48 2005 aMohamed, S. A. 0aMfuko Mtupu Na Hadithi Nyingine aNairobibJomo Kenyatta Foundationc2005 a187p